Flags with red in them - Statistics

General Stats
  • This quiz has been taken 25 times
  • The average score is 109 of 151
Answer Stats
Answer % Correct
Italy
100%
Japan
100%
Norway
100%
Poland
100%
Russia
100%
Yemen
100%
Australia
94%
Austria
94%
Chile
94%
China
94%
Colombia
94%
Cuba
94%
Denmark
94%
France
94%
Germany
94%
Indonesia
94%
New Zealand
94%
Portugal
94%
Spain
94%
UK
94%
USA
94%
Venezuela
94%
Algeria
88%
Angola
88%
Belgium
88%
Canada
88%
Chad
88%
Fiji
88%
Jordan
88%
Latvia
88%
Malaysia
88%
Mexico
88%
Nepal
88%
Oman
88%
Qatar
88%
Slovakia
88%
South Africa
88%
Switzerland
88%
Turkey
88%
UAE
88%
Vietnam
88%
Albania
82%
Andorra
82%
Armenia
82%
Azerbaijan
82%
Bahrain
82%
Czechia
82%
Egypt
82%
Ethiopia
82%
Iran
82%
Iraq
82%
Kyrgyzstan
82%
Mali
82%
Monaco
82%
Morocco
82%
North Korea
82%
Panama
82%
Peru
82%
Sudan
82%
Thailand
82%
Belarus
76%
Cambodia
76%
Croatia
76%
Iceland
76%
Libya
76%
Lithuania
76%
Madagascar
76%
Mongolia
76%
Paraguay
76%
Philippines
76%
Republic of the Congo
76%
Serbia
76%
Slovenia
76%
South Korea
76%
South Sudan
76%
Tajikistan
76%
Turkmenistan
76%
Bangladesh
71%
Ecuador
71%
Georgia
71%
Guinea
71%
Guyana
71%
Hungary
71%
Laos
71%
Luxembourg
71%
Mauritius
71%
Moldova
71%
Mozambique
71%
Romania
71%
Taiwan
71%
Uganda
71%
Zambia
71%
Zimbabwe
71%
Belize
65%
Benin
65%
Bolivia
65%
Bulgaria
65%
Dominica
65%
Haiti
65%
Kenya
65%
Kiribati
65%
Kuwait
65%
Malta
65%
Mauritania
65%
Montenegro
65%
Namibia
65%
Netherlands
65%
Seychelles
65%
Suriname
65%
Syria
65%
Togo
65%
Tunisia
65%
CAR
59%
Costa Rica
59%
Gambia
59%
Ghana
59%
Lebanon
59%
North Macedonia
59%
Tonga
59%
Trinidad
59%
Tuvalu
59%
Antigua
53%
Burma
53%
Burundi
53%
Comoros
53%
Eritrea
53%
Guinea Bissau
53%
Liberia
53%
Liechtenstein
53%
Malawi
53%
Maldives
53%
Saint Kitts
53%
Sri Lanka
53%
Uzbekistan
53%
Vanuatu
53%
Brunei
47%
Burkina Faso
47%
Cape Verde
47%
Djibouti
47%
Equatorial Guinea
47%
Eswatini
47%
Samoa
47%
Singapore
47%
Cameroon
41%
Sao Tome
41%
Senegal
41%
DR
35%
East Timor
35%
Papua New Guinea
35%
Grenada
29%
DRC
0%
No matching quizzes found
Score Distribution
Percent of People with Each Score
Percentile by Number Answered
Your Score History
You have not taken this quiz